Регионална библиотека "Любен Каравелов" - Русе

Производителността в България (Запис номер 177235)

MARC детайли
000 -Лидер
Контролно поле с фиксирана дължина 01284nam a2200349 c 4500
003 - Код на организацията, давaща контролен номер
Контролно поле BLK
005 - Дата и час на последна редакция
Контролно поле 20180420235749.0
008 - Елементи от данни с фиксирана дължина
fixed length control field 180411b bul|||||r ||||||| ||bul||
010 ## - Наследен системен номер
LC control number KNG00185891000
040 ## - Източник на каталожния запис
Идентификатор на билиотеката - собственик на записа BLK
041 ## - Код за език
Код за езика на текст/звукозапис или на отделно заглавие Български
Код за езика КДБФ Български
072 #7 - Код за тематичната категория
Код организация bullib
Код за тематична категория Н33
Текст Икономика Н
080 ## - УДК
Текстов определител УДК Производителност
УДК код - определител по УДК 338.312
УДК определител (497.2)
УДК - код + определител 338.312(497.2)
139 ## - Редно поле
Редна дума Производителността в България
Авторски знак Прод - П 91
245 10 - Сведения за заглавието
Заглавие Производителността в България
Подзаглавни данни Уроци от миналото, възможности за бъдещето, май 2015
257 ## - Страна на издаване
Страна на създаване/издаване Съединени американски щати
260 ## - Област на издателските данни
-- София
Име на издателя, разпространителя и проч. The World Bank
Година на издаване 2015
300 ## - Физическа характеристика
Страници 130 с.
Илюстрации и др. с табл., диагр.
Размери/Мащаб 28 см
380 ## - Жанр
Жанр Обществени науки
500 ## - Общи забележки
Забележка Библиогр. с. 121-130.
650 #4 - Допълнително описание по предмет – тема
Основно описание – тема или топоним България - стопанство
9 (RLIN) 260672
650 #4 - Допълнително описание по предмет – тема
Основно описание – тема или топоним Производителност на труда
9 (RLIN) 275895
651 #4 - Допълнително описание по предмет - топоним
Географско понятие България
9 (RLIN) 241624
653 ## - Ключова дума – ненормативна
Ключова дума производителност
653 ## - Ключова дума – ненормативна
Ключова дума стопанство
659 ## - Тематичен бюлетин
Тематичен бюлетин Н
852 ## - Местоположение
Форматна сигнатура Цб ІІ 21150
856 4# - Електронен адрес и достъп
Електронен формат pdf - файл
Път до файла /url/
856 4# - Електронен адрес и достъп
Електронен формат pdf - файл
Път до файла /url/
942 ## - АРТИКУЛИ
Вид на библиотечния материал Книги
Скрит в OPAC Не
944 ## - СЪЗДАВАНЕ И РЕДАКЦИЯ на ЗАПИСА
Създаване/Редакция Създаване
Дата на регистрацията/редакция 15.01.2016
Статус, дата на статуса ф /
Служител, извършил регистрацията/редакцията Виолета_Тройчева
944 ## - СЪЗДАВАНЕ И РЕДАКЦИЯ на ЗАПИСА
Създаване/Редакция Редакция
Дата на регистрацията/редакция 15.04.2016
Статус, дата на статуса ф /
Служител, извършил регистрацията/редакцията Людмила_Стоянова
999 ## - СИСТЕМНИ КОНТРОЛНИ НОМЕРА
Koha biblionumber 177235
Koha biblioitemnumber 177235
Наличности
Код за отписване Код за изгубен артикул Източник на класификационната схема Код за повреда Коз за рестрикции Код за отдаване Артикулен № Име на библиотеката - собственик Име на библиотеката, в която се намира в момента Статус (Текущо местоположение) Дата на вписване в системата Местоположение - отдел Цена в лева Инвентарен номер Систематично азбучна сигнатура Баркод Номер на екземпляра Цена в евро Служебна бележка Служебен тип на артикула
  Не е изгубен Universal Decimal Classification Не е повреден без рестрикции заемане за дома 304750 Регионална библиотека "Любен Каравелов" Русе Регионална библиотека "Любен Каравелов" Русе Заемна - подръчен фонд 2016-01-19 Заемна - подръчен фонд 19.00 120000796954 П 338/П 91 120000796954 1 9.71 Дост: DA Вид: А N: 1 Дата: 19.01.2016 Дата инв: 05.02.2018 Бележки инв: П2018 Книги
  Не е изгубен   Не е повреден без рестрикции ползва се в читалня 304751 Регионална библиотека "Любен Каравелов" Русе Регионална библиотека "Любен Каравелов" Русе Читалня 2016-01-19 Читалня 19.00 120000796955 Ч 338/П 91 120000796955 2 9.71 Дост: DA Вид: А N: 1 Дата: 19.01.2016 Дата инв: 23.03.2017 Бележки инв: Ч2017 Книги
Vip Innovations Ltd, Rousse, Bulgaria 2025